Autori italiani per libri - Statistics

Statistiche generali
  • Questo quiz è stato fatto 431 volte
    430 dall'ultimo reset
  • Il punteggio medio è 21 su 37
Statistiche sulle risposte
Anno Titolo Autore % Corretto
1825 I promessi sposi Alessandro Manzoni
97%
1348-1353 Decameron* Giovanni Boccaccio
96%
1925 Uno, nessuno e centomila Luigi Pirandello
93%
1947 Se questo è un uomo Primo Levi
92%
1292-1294 Vita Nova* Dante Alighieri
88%
1980 Il nome della rosa Umberto Eco
88%
1923 La coscienza di Zeno Italo Svevo
87%
1516 Orlando furioso Ludovico Ariosto
87%
1889 Mastro-don Gesualdo Giovanni Verga
82%
1581 Gerusalemme liberata* Torquato Tasso
82%
1513 Il principe* Niccolò Machiavelli
81%
1889 Il piacere Gabriele D'Annunzio
80%
1752 La locandiera* Carlo Goldoni
76%
2006 Gomorra Roberto Saviano
73%
1972 Le città invisibili Italo Calvino
70%
1632 Dialogo sopra i due massimi sistemi del mondo* Galileo Galilei
66%
2011 L'amica geniale Elena Ferrante
56%
1948 La casa in collina Cesare Pavese
55%
1974 La Storia Elsa Morante
55%
1961 Il giorno della civetta Leonardo Sciascia
54%
1962 Favole al telefono* Gianni Rodari
51%
2001 Io non ho paura Niccolò Ammaniti
50%
1940 Il deserto dei Tartari Dino Buzzati
47%
1994 Novecento* Alessandro Baricco
45%
1926-1937 Lettere dal carcere* Antonio Gramsci
43%
1968 Il partigiano Johnny Giuseppe Fenoglio
42%
1960 La noia Alberto Moravia
37%
2009 Accabadora Michela Murgia
37%
1992 Petrolio Pier Paolo Pasolini
33%
2010 Bianca come il latte, rossa come il sangue Alessandro D'Avenia
29%
1953 Il sergente nella neve Mario Rigoni Stern
27%
1979 Un uomo Oriana Fallaci
26%
2016 Le otto montagne Paolo Cognetti
23%
1988 Lo scudo di Talos Valerio Massimo Manfredi
20%
2015 L'elenco telefonico degli accolli* Zerocalcare
13%
2019 La misura del tempo Gianrico Carofiglio
8%
2004 Nihal della terra del vento Licia Troisi
5%
Nessun quiz corrispondente trovato
Distribuzione punteggi
Percentuale di utenti per punteggio
Percentile per numero di risposta
I tuoi punteggi nel tempo
Non hai fatto questo quiz dall'ultimo reset